Fundamentals of ecosystem science
Ecosystem science has developed into a major part of contemporary ecology, and it is now applied to diagnose and solve a wide range of important environmental problems. Fundamentals of Ecosystem Science provides a compact and comprehensive introduction to modern ecosystem science. Written by a group...
Đã lưu trong:
| 主要作者: | |
|---|---|
| 格式: | 圖書 |
| 語言: | Undetermined |
| 出版: |
Amsterdam
Academic Press/Elsevier
2013
|
| 主題: | |
| 標簽: |
添加標簽
沒有標簽, 成為第一個標記此記錄!
|
| Thư viện lưu trữ: | Trung tâm Học liệu Trường Đại học Cần Thơ |
|---|
| LEADER | 01372nam a2200205Ia 4500 | ||
|---|---|---|---|
| 001 | CTU_181081 | ||
| 008 | 210402s9999 xx 000 0 und d | ||
| 020 | |c 2136000 | ||
| 082 | |a 577 | ||
| 082 | |b W362 | ||
| 100 | |a Weathers, Kathie C. | ||
| 245 | 0 | |a Fundamentals of ecosystem science | |
| 245 | 0 | |c Kathleen C. Weathers, David L. Strayer, and Gene E. Likens | |
| 260 | |a Amsterdam | ||
| 260 | |b Academic Press/Elsevier | ||
| 260 | |c 2013 | ||
| 520 | |a Ecosystem science has developed into a major part of contemporary ecology, and it is now applied to diagnose and solve a wide range of important environmental problems. Fundamentals of Ecosystem Science provides a compact and comprehensive introduction to modern ecosystem science. Written by a group of experts, this book covers major concepts of ecosystem science, biogeochemistry, and energetics. Addresses, contrasts, and compares both terrestrial and aquatic ecosystemsCombines general lessons, concepts, frameworks, and challenges in highly accessible synthesis chaptersPresents firsthand case studies, written by leaders in the field, offering personal insights into how adopting an ecosystem approach led to innovations, new understanding, management changes, and policy solutions. | ||
| 650 | |a Ecology,Biotic communities | ||
| 904 | |i Bằng | ||
| 980 | |a Trung tâm Học liệu Trường Đại học Cần Thơ | ||